000 00760nam a2200217Ii 4500
003 JO-AjNU
008 230605s9999||||xx |||||||||||||| ||und||
040 _aJO-AjNU
_bara
_erda
_cJO-AjNU
041 _aara
050 1 4 _aBF720.1999
100 3 _aالطيبي،عكاشة عبد المنان ،/اعداد,
_eauthor
_934871
245 0 0 _aالتربية الاجتماعية للطفل
250 _aط1
264 3 1 _aبيروت:دار الجيل ،1999
300 _a151ص
336 _atext
_btxt
_2rdacontent
337 _aunmediated
_bn
_2rdamedia
338 _avolume
_bnc
_2rdacarrier
490 0 _aموسوعة الطفل الصحية والنفسية
650 4 _aالتربية-رعاية الطفولة-سلوك الطفل-الاطفال
_934872
999 _aA14340
_c17908
_d17908